|
|
|
|
| LEADER |
00000nam0a2200000 4500 |
| 001 |
33584 |
| 005 |
20231030215026.0 |
| 035 |
|
|
|a (RuTPU)RU\TPU\book\33937
|
| 035 |
|
|
|a BOOK00000588
|
| 090 |
|
|
|a 33584
|
| 100 |
|
|
|a 20011210d1977 km y0rusy50 ca
|
| 101 |
0 |
|
|a rus
|
| 102 |
|
|
|a RU
|
| 105 |
|
|
|a a z 000zy
|
| 200 |
1 |
|
|a Муфты силовых кабелей высокого напряжения
|f Л. Г. Шварцман
|
| 210 |
|
|
|a Москва
|c Энергия
|d 1977
|
| 215 |
|
|
|a 176 с.
|c ил.
|
| 610 |
1 |
|
|a кабельная техника
|
| 610 |
1 |
|
|a кабельные муфты
|
| 610 |
1 |
|
|a конструирование
|
| 610 |
1 |
|
|a расчеты
|
| 675 |
|
|
|a 621.315.68
|v 3
|
| 700 |
|
1 |
|a Шварцман
|b Л. Г.
|g Лев Григорьевич
|
| 801 |
|
0 |
|a RU
|b 63413507
|c 20011210
|g PSBO
|
| 801 |
|
2 |
|a RU
|b 63413507
|c 20210528
|g PSBO
|
| 900 |
|
|
|a Основы кабельной техники
|
| 900 |
|
|
|a Силовые кабели и кабельные линии
|
| 942 |
|
|
|c BK
|